| Tag |
First Indicator |
Second Indicator |
Subfields |
| LEADER |
00000cam a2200000 a 4500 |
| 001 |
in00001404097 |
| 005 |
20151020054322.0 |
| 008 |
930818r1992 at af b s001 0 eng d |
| 010 |
|
|
|a 95225586
|
| 019 |
|
|
|a 27577056
|
| 020 |
|
|
|a 0868403725
|
| 035 |
|
|
|a (OCoLC)28647213
|
| 035 |
|
|
|9 AHN1103AM
|
| 040 |
|
|
|a DNAL
|c DLC
|d AGL
|d AUT
|d TXA
|d UtOrBLW
|
| 042 |
|
|
|a lccopycat
|
| 043 |
|
|
|a u-at---
|
| 049 |
|
|
|a TXAM
|
| 050 |
0 |
4 |
|a SB407.3.A8
|b R68 1992
|
| 070 |
0 |
|
|a SB404.5.R6
|b 1992
|
| 072 |
|
0 |
|a F110
|
| 082 |
0 |
0 |
|a 635.9/0994
|2 20
|
| 100 |
1 |
|
|a Rowell, Raymond J.
|
| 245 |
1 |
0 |
|a Ornamental plants in Australia :
|b annuals, soft-wooded perennials, bulbous, and climbing plants /
|c Raymond J. Rowell.
|
| 250 |
|
|
|a 4th ed.
|
| 264 |
|
1 |
|a Kensington, NSW :
|b New South Wales University Press ;
|a Portland, Or. :
|b Available in North America through International Specialized Book Services,
|c [1992]
|
| 264 |
|
4 |
|c ©1992
|
| 300 |
|
|
|a xix, 244 pages, 48 pages of plates :
|b illustrations (some color) ;
|c 25 cm.
|
| 336 |
|
|
|a text
|b txt
|2 rdacontent
|
| 337 |
|
|
|a unmediated
|b n
|2 rdamedia
|
| 338 |
|
|
|a volume
|b nc
|2 rdacarrier
|
| 500 |
|
|
|a "First published in 1970"--Title page verso.
|
| 504 |
|
|
|a Includes bibliographical references (page [213]) and index.
|
| 650 |
|
0 |
|a Plants, Ornamental
|z Australia.
|
| 650 |
|
0 |
|a Ornamental shrubs
|z Australia.
|
| 650 |
|
0 |
|a Flowering shrubs
|z Australia.
|
| 948 |
|
|
|a C:BLW
|d 20030515
|
| 999 |
|
|
|a MARS
|
| 999 |
f |
f |
|s 9d80a641-4d8a-30e0-8532-3f3b6c3e289c
|i 8aea1d2a-2fff-3f27-9de3-593451cba344
|t 0
|
| 952 |
f |
f |
|p ric
|a Texas A&M University
|b Rellis Campus
|c Joint Library Facility
|d Remote Storage
|t 0
|e SB407.3.A8 R68 1992
|h Library of Congress classification
|i unmediated -- volume
|m A14823355900
|
| 998 |
f |
f |
|a SB407.3.A8 R68 1992
|t 0
|l Remote Storage
|